<?xml version="1.0" encoding="UTF-8"?>
<collection xmlns="http://www.loc.gov/MARC21/slim">
 <record>
  <leader>01176nam a2200217Ia 4500</leader>
  <controlfield tag="001">CTU_212610</controlfield>
  <controlfield tag="008">210402s9999    xx            000 0 und d</controlfield>
  <datafield tag="082" ind1=" " ind2=" ">
   <subfield code="a">658.403</subfield>
  </datafield>
  <datafield tag="082" ind1=" " ind2=" ">
   <subfield code="b">V227</subfield>
  </datafield>
  <datafield tag="100" ind1=" " ind2=" ">
   <subfield code="a">Vandenbosch, Betty</subfield>
  </datafield>
  <datafield tag="245" ind1=" " ind2="0">
   <subfield code="a">Designing solutions for your business problems :</subfield>
  </datafield>
  <datafield tag="245" ind1=" " ind2="2">
   <subfield code="b">A structured process for managers and consultants</subfield>
  </datafield>
  <datafield tag="245" ind1=" " ind2="0">
   <subfield code="c">Betty Vandenbosch</subfield>
  </datafield>
  <datafield tag="260" ind1=" " ind2=" ">
   <subfield code="a">San Francisco</subfield>
  </datafield>
  <datafield tag="260" ind1=" " ind2=" ">
   <subfield code="b">Jossey-Bass</subfield>
  </datafield>
  <datafield tag="260" ind1=" " ind2=" ">
   <subfield code="c">2003</subfield>
  </datafield>
  <datafield tag="520" ind1=" " ind2=" ">
   <subfield code="a">The book presents a rational approach to juggling quality and cost factors when problem-solving business situations. Author applies diagnostic hypotheses to project planning, emphasizing client goals and relationships rather than the problem or problem-solver's expertise. Appendices detail process mapping and interviewing as solution design tools. Some real world examples are included but not extended case studies. CD-ROM contents are not specified.  (booknews.com)</subfield>
  </datafield>
  <datafield tag="650" ind1=" " ind2=" ">
   <subfield code="a">Problem solving,Management,Business consultants</subfield>
  </datafield>
  <datafield tag="904" ind1=" " ind2=" ">
   <subfield code="i">Tuyến</subfield>
  </datafield>
  <datafield tag="910" ind1=" " ind2=" ">
   <subfield code="a">Sách kèm đĩa: AV.000741, AV.000737, AV.000738, AV.000739, AV.000740</subfield>
  </datafield>
  <datafield tag="980" ind1=" " ind2=" ">
   <subfield code="a">Trung tâm Học liệu Trường Đại học Cần Thơ</subfield>
  </datafield>
 </record>
</collection>
